1050 1372 1644 1713 1418 1739 1393 1940 1982 1618 1504 1252 1906 1513 1063 1315 1319 1449 1913 1616 1871 1058 1272 1146 1886 1101 1189 1672 1545 1820 1052 1722 1822 1333 1331 1065 1305 1466 1122 1831 1375 1397 1285 1660 1253 1438 1614 1676 1330 1170 1960 1864 1359 1842 1942 1490 1604 1881 1956 1719 1019 1514 1318 1068 1200 1310 1474 1424 1504 1315 1938 1762 1692 1430 1183 1856 1306 1836 1560 1272 1142 1920 1757 1449 1610 1705 1570 1088 1108 1908 1668 1494 1132 1598 1232 1452 1453 1992 1715 BCNSPRNW ULIB Ver.6.0+V

เปลี่ยนเป็นภาษาไทย

Change to English
 แสดงรายละเอียดบรรณานุกรม
  กลับหน้าหลัก

Brief Record : Get Marc (ISO 2709) : E-mail record : QR code < ปิดหน้าต่าง
LEADER : 00000nam 2200000uu 4500
001    13399111766
003     ULIB
008    110627s2552||||th 000 0 tha d
020    9786167081212
090    นว.^bบ825ย 2552
100 0  เบลล์ซาซ่า
245 00 ยั่วรัก/^cเบลล์ซาซ่า
250    พิมพ์ครั้งที่ 1
260    นนทบุรี :^bสมาร์ทบุ๊ค,^c2552
300    416 หน้า
945    ^p270^l0^i028070
995    ทศพร
999 ^a ใช้งานได้ทุกระบบ
รายการนี้ยังไม่มีแท็ก
คุณยังไม่ได้ล็อกอิน คุณสามารถมีกิจกรรมร่วมกับเว็บไซต์ได้ แต่ต้องล็อกอินก่อน ::
  ล็อกอิน

รายการสื่อสารสนเทศ

ลำดับที่ ประเภท เลขเรียก/บาร์โค้ด สถานที่ สถานะ
- ไม่พบข้อมูล -

รายการใกล้เคียง
    ผู้แต่ง [เบลล์ซาซ่า]

BibComment


ยังไม่เคยถูกคอมเมนท์

คอมเมนท์ทรัพยากรรายการนี้
  คอมเมนท์: ยั่วรัก เบลล์ซาซ่า


 Copyright 2026. Bcnsprnw @Library